[Event "Budapest FS06 GM"]
[Site "Budapest"]
[Date "2025.06.13"]
[Round "8"]
[White "Gonzalez Garcia, Jose"]
[Black "Zverev, Lev"]
[Result "1/2-1/2"]
[WhiteElo "2447"]
[BlackElo "2474"]
[PlyCount "100"]
[EventDate "2025.06.07"]
[EventType "tourn"]
[EventRounds "9"]
[EventCountry "HUN"]
[EventCategory "7"]
[SourceTitle "CB26_2025"]
[SourceDate "2025.06.25"]
[SourceVersion "1"]
[SourceVersionDate "2025.06.25"]
[SourceQuality "1"]

1. d4 Nf6 2. c4 e6 3. Nf3 d5 4. Nc3 Bb4 5. Qa4+ Nc6 6. e3 0-0 7. Qc2 Re8 8. Bd2 e5 9. dxe5 Nxe5 10. cxd5 Bg4 11. Nxe5 Rxe5 12. Bc4 Qe7 13. h3 Bf5 14. Qb3 b5 15. Bxb5 Rb8 16. Bc4 Ne4 17. a3 Qh4 18. g3 Nxg3 19. Rh2 Re4 20. Bd3 Ree8 21. Bxf5 Bd6 22. Qa4 Nxf5 23. Rh1 Nxe3 24. Qxh4 Ng2+ 25. Kd1 Nxh4 26. Kc2 Bc5 27. Bf4 Rbc8 28. Rhf1 Nf3 29. Rad1 g5 30. d6 cxd6 31. Bxd6 Nd4+ 32. Kb1 Bxd6 33. Rxd4 Be5 34. Rd5 Bxc3 35. Rxg5+ Kf8 36. bxc3 Rxc3 37. Ra5 Re7 38. f3 Rb7+ 39. Ka1 Ke7 40. Ra6 Rd7 41. Kb2 Re3 42. Rf2 f6 43. Ra4 Ke6 44. Re4+ Rxe4 45. fxe4 Rd3 46. Rf5 Rxh3 47. Ra5 h5 48. Rxa7 h4 49. Rh7 Ke5 50. a4 Rh2+ 1/2-1/2

[Event "Budapest FS06 GM"]
[Site "Budapest"]
[Date "2025.06.11"]
[Round "6"]
[White "Varga, Zoltan"]
[Black "Zverev, Lev"]
[Result "0-1"]
[WhiteElo "2298"]
[BlackElo "2474"]
[PlyCount "68"]
[EventDate "2025.06.07"]
[EventType "tourn"]
[EventRounds "9"]
[EventCountry "HUN"]
[EventCategory "7"]
[SourceTitle "CB26_2025"]
[SourceDate "2025.06.25"]
[SourceVersion "1"]
[SourceVersionDate "2025.06.25"]
[SourceQuality "1"]

1. e4 e5 2. Nf3 Nc6 3. Bb5 a6 4. Ba4 Nf6 5. 0-0 d6 6. Re1 Bd7 7. c4 Be7 8. Nc3 Bg4 9. h3 Bxf3 10. Qxf3 Nd7 11. Ne2 0-0 12. Bxc6 bxc6 13. d4 exd4 14. Nxd4 Ne5 15. Qe2 c5 16. Nf5 Bf6 17. Be3 Re8 18. Rad1 Qc8 19. b3 Qe6 20. Bc1 Nc6 21. Bb2 a5 22. Rd3 a4 23. g3 g6 24. Nh6+ Kg7 25. Bxf6+ Qxf6 26. Qd2 Nd4 27. b4 Qe6 28. Kh2 f5 29. f3 Qe5 30. h4 Qf6 31. Rg1 Qe6 32. exf5 gxf5 33. Rxd4 cxd4 34. Qxd4+ Qe5 0-1

[Event "Asia-ch"]
[Site "Al Ain"]
[Date "2025.05.07"]
[Round "1"]
[White "Zverev, Lev"]
[Black "Huh, Isaak"]
[Result "1-0"]
[WhiteElo "2471"]
[BlackElo "2087"]
[PlyCount "109"]
[EventDate "2025.05.07"]
[EventType "swiss"]
[EventRounds "9"]
[EventCountry "UAE"]
[SourceTitle "CB21_2025"]
[SourceDate "2025.05.21"]
[SourceVersion "1"]
[SourceVersionDate "2025.05.21"]
[SourceQuality "1"]

1. e4 c5 2. Nf3 d6 3. d4 cxd4 4. Nxd4 Nf6 5. Nc3 a6 6. Be3 e5 7. Nb3 Be7 8. f3 Be6 9. Qd2 h5 10. Nd5 Bxd5 11. exd5 Nbd7 12. 0-0-0 Rc8 13. Qf2 0-0 14. Rg1 e4 15. Bd4 Nxd5 16. fxe4 N5f6 17. Bd3 a5 18. Bb5 Qc7 19. Qe2 Rfe8 20. Kb1 Bd8 21. e5 dxe5 22. Bc3 Re6 23. Bxa5 b6 24. Bc3 Nc5 25. Nxc5 Qxc5 26. Ba6 Rb8 27. Bc4 Re8 28. Bb3 b5 29. Rgf1 b4 30. Be1 Be7 31. Rf5 Rbd8 32. Rc1 Qd4 33. Bg3 e4 34. Bf4 Qd7 35. Ra5 Bd6 36. Bg5 Be5 37. Rf1 Qd4 38. Bc1 Re7 39. h3 h4 40. Ra4 Red7 41. a3 Rb7 42. axb4 Qd6 43. b5 Qc5 44. Bc4 Rbb8 45. Be3 Bd4 46. Rxf6 gxf6 47. Qg4+ Kf8 48. Bh6+ Ke7 49. Qxe4+ Qe5 50. Qh7 Rd7 51. Qxf7+ Kd8 52. Qg8+ Kc7 53. Qg4 f5 54. Qf3 Qe1+ 55. Ka2 1-0

[Event "Moscow Ivi GP op"]
[Site "Moscow"]
[Date "2025.03.13"]
[Round "9"]
[White "Zverev, Lev"]
[Black "Tologontegin, Semetey"]
[Result "1-0"]
[WhiteElo "2425"]
[BlackElo "2359"]
[PlyCount "51"]
[EventDate "2025.03.08"]
[EventType "swiss"]
[EventRounds "10"]
[EventCountry "RUS"]
[SourceTitle "CB12_2025"]
[SourceDate "2025.03.19"]
[SourceVersion "1"]
[SourceVersionDate "2025.03.19"]
[SourceQuality "1"]

1. e4 e6 2. d4 d5 3. Nc3 Bb4 4. e5 c5 5. a3 Bxc3+ 6. bxc3 Nc6 7. Qg4 g6 8. h4 h6 9. Nf3 Qa5 10. Bd2 Qa4 11. Ra2 Bd7 12. Be2 c4 13. Qf4 Nge7 14. Nh2 g5 15. Qf6 0-0-0 16. Ng4 Qb5 17. Ra1 Qb2 18. Rc1 gxh4 19. Nxh6 Rdf8 20. Rxh4 Kc7 21. a4 Qa3 22. Bh5 Nd8 23. Bg5 Ng6 24. Rh3 Bxa4 25. Kd2 Be8 26. Qxd8+ 1-0

[Event "Moscow Ivi GP op"]
[Site "Moscow"]
[Date "2025.03.12"]
[Round "8"]
[White "Zverev, Lev"]
[Black "Gharibyan, Mamikon"]
[Result "1/2-1/2"]
[WhiteElo "2425"]
[BlackElo "2473"]
[PlyCount "46"]
[EventDate "2025.03.08"]
[EventType "swiss"]
[EventRounds "10"]
[EventCountry "RUS"]
[SourceTitle "CB12_2025"]
[SourceDate "2025.03.19"]
[SourceVersion "1"]
[SourceVersionDate "2025.03.19"]
[SourceQuality "1"]

1. e4 e6 2. d4 d5 3. Nc3 Nf6 4. e5 Nfd7 5. f4 c5 6. Nf3 Nc6 7. Be3 a6 8. Ne2 Qb6 9. Qc1 f6 10. c3 Be7 11. g3 cxd4 12. Nexd4 Nxd4 13. cxd4 fxe5 14. fxe5 0-0 15. Be2 Nb8 16. 0-0 Bd7 17. Bd3 Nc6 18. a3 Rac8 19. Qb1 h6 20. Rf2 Qb3 21. Nd2 Qb6 22. Nf3 Qb3 23. Nd2 Qb6 1/2-1/2

[Event "Moscow Ivi GP op"]
[Site "Moscow"]
[Date "2025.03.11"]
[Round "6"]
[White "Zverev, Lev"]
[Black "Afanasiev, Nikita"]
[Result "1/2-1/2"]
[WhiteElo "2425"]
[BlackElo "2518"]
[PlyCount "140"]
[EventDate "2025.03.08"]
[EventType "swiss"]
[EventRounds "10"]
[EventCountry "RUS"]
[SourceTitle "CB12_2025"]
[SourceDate "2025.03.19"]
[SourceVersion "1"]
[SourceVersionDate "2025.03.19"]
[SourceQuality "1"]

1. e4 c5 2. Nf3 e6 3. d4 cxd4 4. Nxd4 a6 5. Bd3 Bc5 6. Nb3 Be7 7. Nc3 d6 8. 0-0 Nd7 9. Be3 Ngf6 10. f4 b5 11. a3 Bb7 12. Qe2 Rc8 13. e5 dxe5 14. fxe5 Nxe5 15. Bxb5+ axb5 16. Qxb5+ Qd7 17. Qxe5 0-0 18. Rad1 Nd5 19. Rd2 Bd6 20. Qd4 Qc7 21. Nxd5 Bxh2+ 22. Kh1 Bxd5 23. Bf4 Bxf4 24. Qxf4 Qb7 25. Qe3 Rc7 26. Rdf2 Rfc8 27. Nd4 Bc4 28. Rb1 Rc5 29. Kg1 Qb8 30. Qf3 R8c7 31. b4 Bd5 32. Qf4 Rc4 33. Rd1 Qb6 34. Qe3 Rc3 35. Rd3 Rxd3 36. Qxd3 h5 37. c3 Qa7 38. Nb5 Qa6 39. a4 Rc8 40. Qd1 g6 41. Qd4 Qxa4 42. Rxf7 Kxf7 43. Nd6+ Kg8 44. Nxc8 Kf7 45. c4 Qxb4 46. Qf2+ Kg7 47. cxd5 exd5 48. Nb6 d4 49. Nd5 Qb1+ 50. Kh2 Qb8+ 51. g3 Qe5 52. Nf4 Kh6 53. Qc2 Qd6 54. Qd2 g5 55. Nh3 Qe5 56. Nf2 Qe3 57. Qa2 d3 58. Qa6+ Kg7 59. Qb7+ Kf6 60. Qc6+ Ke7 61. Qc7+ Ke6 62. Qc4+ Ke7 63. Qe4+ Qxe4 64. Nxe4 Ke6 65. Nxg5+ Kf5 66. Nf3 Kg4 67. Ne5+ Kf5 68. Nxd3 h4 69. gxh4 Kg4 70. h5 Kxh5 1/2-1/2

[Event "Moscow Ivi GP op"]
[Site "Moscow"]
[Date "2025.03.09"]
[Round "3"]
[White "Zverev, Lev"]
[Black "Shoboev, Dandar"]
[Result "1/2-1/2"]
[WhiteElo "2425"]
[BlackElo "2273"]
[PlyCount "104"]
[EventDate "2025.03.08"]
[EventType "swiss"]
[EventRounds "10"]
[EventCountry "RUS"]
[SourceTitle "CB12_2025"]
[SourceDate "2025.03.19"]
[SourceVersion "1"]
[SourceVersionDate "2025.03.19"]
[SourceQuality "1"]

1. e4 c5 2. Nf3 e6 3. d4 cxd4 4. Nxd4 Nc6 5. Nc3 d6 6. g4 Nge7 7. Be3 Nxd4 8. Qxd4 Nc6 9. Qd2 Be7 10. 0-0-0 a6 11. f4 b5 12. Bg2 Bb7 13. Qf2 Qc8 14. Kb1 Na5 15. g5 Nc4 16. Bc1 Qc5 17. Qxc5 dxc5 18. b3 Nb6 19. Ne2 0-0 20. Ng3 Rad8 21. Nh5 Rfe8 22. Bb2 Bf8 23. a3 Nc8 24. Rhe1 Ne7 25. Kc1 Nc6 26. e5 Na5 27. Bxb7 Nxb7 28. Ng3 Rxd1+ 29. Rxd1 Rd8 30. Ne4 Rxd1+ 31. Kxd1 Be7 32. Ke2 Kf8 33. Kd3 Ke8 34. Nd2 Kd7 35. Nf1 g6 36. Ne3 Kc6 37. Ng4 Nd8 38. Bc3 Kd5 39. Ne3+ Kc6 40. Ba5 Nb7 41. Bd2 c4+ 42. bxc4 Bxa3 43. cxb5+ Kxb5 44. c4+ Kc6 45. Ng4 Bf8 46. Kc2 Kc5 47. Kc3 Kc6 48. Kb3 Nc5+ 49. Kc2 Nd7 50. Kb3 Nc5+ 51. Kc2 Nd7 52. Kb3 Nc5+ 1/2-1/2

[Event "Moscow Ivi GP op"]
[Site "Moscow"]
[Date "2025.03.08"]
[Round "2"]
[White "Tsydypov, Zhamsaran"]
[Black "Zverev, Lev"]
[Result "1-0"]
[WhiteElo "2505"]
[BlackElo "2425"]
[PlyCount "109"]
[EventDate "2025.03.08"]
[EventType "swiss"]
[EventRounds "10"]
[EventCountry "RUS"]
[SourceTitle "CB12_2025"]
[SourceDate "2025.03.19"]
[SourceVersion "1"]
[SourceVersionDate "2025.03.19"]
[SourceQuality "1"]

1. e4 e5 2. Nf3 Nc6 3. Bc4 Bc5 4. c3 Nf6 5. d3 d6 6. Bg5 h6 7. Bh4 a6 8. Nbd2 Qe7 9. b4 Ba7 10. 0-0 g5 11. Bg3 Nd7 12. b5 Na5 13. bxa6 bxa6 14. Qa4 Bb6 15. Bd5 Rb8 16. d4 0-0 17. Nb3 Nxb3 18. axb3 c5 19. dxe5 Nxe5 20. Bxe5 dxe5 21. Nd2 Kh7 22. Nc4 Bc7 23. Ne3 Qf6 24. Qc4 Bd6 25. Rxa6 Bxa6 26. Qxa6 Rfd8 27. Ra1 Rd7 28. Qe2 Bf8 29. Ra6 Qd8 30. Qh5 Kg8 31. Ng4 Rb6 32. Rxb6 Qxb6 33. h4 Bg7 34. hxg5 hxg5 35. Qxg5 Qd8 36. Qf5 Rxd5 37. exd5 Qxd5 38. Qc8+ Kh7 39. Qf5+ Kg8 40. Nf6+ Bxf6 41. Qxf6 Qxb3 42. Qxe5 c4 43. Qg5+ Kh7 44. Qf6 Kg8 45. Kh2 Qb5 46. Qd4 Kf8 47. f4 Qc6 48. g4 Qf3 49. f5 Qd3 50. Qh8+ Ke7 51. Qe5+ Kf8 52. f6 Qd2+ 53. Kg3 Qd3+ 54. Kh4 Qh7+ 55. Qh5 1-0

[Event "Moscow Aeroflot op-A"]
[Site "Moscow"]
[Date "2025.03.03"]
[Round "4"]
[White "Matlakov, Maxim"]
[Black "Zverev, Lev"]
[Result "1-0"]
[WhiteElo "2623"]
[BlackElo "2425"]
[PlyCount "83"]
[EventDate "2025.03.01"]
[EventType "swiss"]
[EventRounds "9"]
[EventCountry "RUS"]
[SourceTitle "CB11_2025"]
[SourceDate "2025.03.12"]
[SourceVersion "1"]
[SourceVersionDate "2025.03.12"]
[SourceQuality "1"]

1. e4 e5 2. Nf3 Nc6 3. Bc4 Bc5 4. d3 Nf6 5. 0-0 d6 6. c3 a6 7. a4 Ba7 8. Re1 0-0 9. h3 h6 10. Nbd2 Re8 11. b4 Be6 12. Bxe6 Rxe6 13. Bb2 Nh5 14. Nf1 Ne7 15. c4 Nf4 16. Bc1 Neg6 17. Ng3 c5 18. b5 Bb6 19. Rb1 Ba5 20. Rf1 axb5 21. axb5 Re8 22. Nf5 Bb4 23. g3 Ne6 24. Bb2 Ne7 25. N3h4 Nxf5 26. Nxf5 Ra7 27. f4 f6 28. Qh5 Ra8 29. Qg6 Kh8 30. Nxh6 gxh6 31. fxe5 dxe5 32. Bxe5 Ng7 33. Bxf6 Qd7 34. Rf5 Kg8 35. Rbf1 Re6 36. Rd5 Qc7 37. Qg4 Kh7 38. b6 Qf7 39. Bxg7 Qg6 40. Qxg6+ Kxg6 41. Rd7 Rxb6 42. Bf8 1-0

[Event "Budapest SixDays 01 GM-B"]
[Site "Budapest"]
[Date "2025.01.30"]
[Round "7"]
[White "Bhagat, Kush"]
[Black "Zverev, Lev"]
[Result "0-1"]
[WhiteElo "2294"]
[BlackElo "2421"]
[PlyCount "82"]
[EventDate "2025.01.26"]
[EventType "tourn"]
[EventRounds "9"]
[EventCountry "HUN"]
[EventCategory "6"]
[SourceTitle "CB06_2025"]
[SourceDate "2025.02.05"]
[SourceVersion "1"]
[SourceVersionDate "2025.02.05"]
[SourceQuality "1"]

1. e4 e5 2. Nf3 Nc6 3. Bc4 Bc5 4. d3 Nf6 5. Bg5 h6 6. Bh4 d6 7. c3 a6 8. Nbd2 Qe7 9. 0-0 Ba7 10. a4 g5 11. Bg3 Nd7 12. b4 Nf8 13. Kh1 Ng6 14. Ng1 h5 15. f3 0-0 16. Nb3 Be6 17. Bxe6 Qxe6 18. d4 Nce7 19. d5 Qf6 20. c4 h4 21. Bf2 Bxf2 22. Rxf2 g4 23. Rc1 Kh7 24. Rfc2 g3 25. h3 Qg5 26. Qd2 Nf4 27. c5 f5 28. cxd6 cxd6 29. Rc7 Rac8 30. Ne2 Rxc7 31. Rxc7 fxe4 32. fxe4 Nxe2 33. Qxe2 Rf2 34. Qd1 Qf6 35. Rc1 Rxg2 36. Qh5+ Kg7 37. Qg4+ Ng6 38. Rc7+ Kh6 39. Qf5 Qxf5 40. exf5 Rh2+ 41. Kg1 Nf4 0-1

[Event "Budapest SixDays 01 GM-B"]
[Site "Budapest"]
[Date "2025.01.28"]
[Round "4"]
[White "Zverev, Lev"]
[Black "Berczes, David"]
[Result "1-0"]
[WhiteElo "2421"]
[BlackElo "2406"]
[PlyCount "73"]
[EventDate "2025.01.26"]
[EventType "tourn"]
[EventRounds "9"]
[EventCountry "HUN"]
[EventCategory "6"]
[SourceTitle "CB06_2025"]
[SourceDate "2025.02.05"]
[SourceVersion "1"]
[SourceVersionDate "2025.02.05"]
[SourceQuality "1"]

1. e4 e5 2. Nf3 Nc6 3. Bc4 Nf6 4. d3 Be7 5. 0-0 0-0 6. Re1 d6 7. a4 Na5 8. Ba2 c5 9. Nc3 Nc6 10. Nd5 Nxd5 11. Bxd5 Be6 12. c3 Rc8 13. Qb3 Qd7 14. Be3 b6 15. d4 exd4 16. cxd4 Na5 17. Qb5 Qxb5 18. axb5 Bxd5 19. exd5 Bf6 20. Ra4 Rfe8 21. Rd1 cxd4 22. Bxd4 Bxd4 23. Nxd4 Rc4 24. b3 Rc3 25. h3 g6 26. b4 Nc4 27. Rxa7 Nb2 28. Rb1 Nd3 29. Rb7 Re4 30. Nf3 Rc2 31. Rxb6 Rxf2 32. Rb3 Ree2 33. Rxd3 Rxg2+ 34. Kh1 g5 35. Rxd6 Rgf2 36. b6 Rb2 37. b7 1-0

[Event "Moscow Dvoretsky Memorial Rapid"]
[Site "Moscow"]
[Date "2025.01.12"]
[Round "1.2"]
[White "Ponkratov, Pavel"]
[Black "Zverev, Lev"]
[Result "1/2-1/2"]
[WhiteElo "2555"]
[BlackElo "2421"]
[PlyCount "108"]
[EventDate "2025.01.12"]
[EventType "team-match (rapid)"]
[EventRounds "8"]
[EventCountry "RUS"]
[SourceTitle "CB04_2025"]
[SourceDate "2025.01.22"]
[SourceVersion "1"]
[SourceVersionDate "2025.01.22"]
[SourceQuality "1"]
[WhiteTeam "Experience"]
[BlackTeam "Youth"]
[WhiteTeamCountry "RUS"]
[BlackTeamCountry "RUS"]

1. e4 e5 2. Nf3 Nc6 3. Bc4 Bc5 4. c3 Nf6 5. d4 exd4 6. e5 d5 7. Bb5 Ne4 8. cxd4 Bb6 9. h3 0-0 10. 0-0 f6 11. Nc3 Be6 12. Bxc6 bxc6 13. Be3 fxe5 14. Nxe5 Nxc3 15. bxc3 Qd6 16. a4 a5 17. Nd3 Bf5 18. Bf4 Qf6 19. Be5 Qf7 20. Kh2 Rab8 21. Ra2 Ba7 22. Re2 Rfe8 23. Re3 c5 24. Nxc5 Bxc5 25. dxc5 Rb1 26. Qe2 Rxf1 27. Qxf1 Bxh3 28. Kg1 Bf5 29. Qb5 Qh5 30. f3 Bg6 31. Qe2 Rb8 32. Bxc7 Rb1+ 33. Kf2 h6 34. Qd2 Qh4+ 35. Bg3 Qc4 36. Re1 Qxc5+ 37. Kf1 Qc4+ 38. Kg1 Rxe1+ 39. Bxe1 Be8 40. Qe3 Qxa4 41. Bf2 Bf7 42. Qc5 Qa1+ 43. Kh2 Qf1 44. Bd4 Qa6 45. Qc7 a4 46. Qe5 Qg6 47. Qe7 Qe6 48. Qd8+ Qe8 49. Qd6 Qe6 50. Qd8+ Kh7 51. Qf8 Qg6 52. Qe7 Qe6 53. Qf8 Qg6 54. Qe7 Qe6 1/2-1/2

[Event "Moscow Dvoretsky Memorial"]
[Site "Moscow"]
[Date "2025.01.08"]
[Round "1.2"]
[White "Ponkratov, Pavel"]
[Black "Zverev, Lev"]
[Result "1-0"]
[WhiteElo "2555"]
[BlackElo "2421"]
[PlyCount "65"]
[EventDate "2025.01.08"]
[EventType "team-match"]
[EventRounds "4"]
[EventCountry "RUS"]
[SourceTitle "CB04_2025"]
[SourceDate "2025.01.22"]
[SourceVersion "1"]
[SourceVersionDate "2025.01.22"]
[SourceQuality "1"]
[WhiteTeam "Experience"]
[BlackTeam "Youth"]
[WhiteTeamCountry "RUS"]
[BlackTeamCountry "RUS"]

1. Nf3 Nf6 2. c4 c5 3. d4 cxd4 4. Nxd4 a6 5. Nc3 e5 6. Nc2 Nc6 7. g3 Bc5 8. Bg2 d6 9. 0-0 0-0 10. Bg5 h6 11. Bxf6 Qxf6 12. b4 Ba7 13. Ne4 Qg6 14. b5 axb5 15. cxb5 Nd4 16. Ne3 Qh5 17. Nd5 f5 18. Nec3 f4 19. b6 Bh3 20. f3 fxg3 21. hxg3 Nf5 22. g4 Qh4 23. Rf2 Bxb6 24. Nxb6 Ne3 25. Qb3+ Kh8 26. Bxh3 Qg3+ 27. Bg2 Nxg4 28. Ne4 Qh2+ 29. Kf1 Nxf2 30. Kxf2 Qh4+ 31. Kg1 Rad8 32. Nd5 Rf5 33. Qxb7 1-0

[Event "Budapest One Week GM-A 12"]
[Site "Budapest"]
[Date "2024.12.19"]
[Round "7"]
[White "Lu, Miaoyi"]
[Black "Zverev, Lev"]
[Result "1-0"]
[WhiteElo "2441"]
[BlackElo "2441"]
[PlyCount "93"]
[EventDate "2024.12.16"]
[EventType "tourn"]
[EventRounds "9"]
[EventCountry "HUN"]
[EventCategory "6"]
[SourceTitle "CB52_2024"]
[SourceDate "2024.12.25"]
[SourceVersion "1"]
[SourceVersionDate "2024.12.25"]
[SourceQuality "1"]

1. e4 e5 2. Nf3 Nc6 3. Bc4 Bc5 4. d3 Nf6 5. 0-0 d6 6. c3 a6 7. a4 Ba7 8. Re1 0-0 9. h3 h6 10. Nbd2 Re8 11. b4 Be6 12. Bxe6 Rxe6 13. Bb2 Nh5 14. d4 Nf4 15. b5 Ne7 16. Nf1 Neg6 17. Kh2 Re8 18. g3 Ne6 19. h4 Qd7 20. Ne3 axb5 21. dxe5 Bxe3 22. Rxe3 bxa4 23. Ba3 Red8 24. exd6 cxd6 25. Qd3 Nc7 26. Qd2 Qc6 27. Rb1 Ra7 28. Rd3 Ne7 29. Qf4 Ng6 30. Qe3 Ra6 31. h5 Nf8 32. Nd4 Qc4 33. Rxb7 Nd7 34. Rd2 Nf6 35. Kg2 Ne6 36. Rb4 Qc7 37. Nf5 Nxh5 38. Qf3 Nf6 39. Nxh6+ Kh7 40. Qf5+ Kh8 41. e5 Qc6+ 42. Kh2 Qxc3 43. Nxf7+ Kg8 44. Nxd8 Nxd8 45. exf6 Qxd2 46. f7+ Kf8 47. Rb8 1-0